Paesi che non esistono più in Europa dal 1860 fino ai giorni nostri. - Statistics

Statistiche generali
  • Questo quiz è stato fatto 96 volte
    37 dall'ultimo reset
  • Il punteggio medio è 11 su 117
Statistiche sulle risposte
Ultimo anno del paese
Soluzione
% Corretto
1991 Unione Sovietica
81%
1992 Yugoslavia
81%
1992 Cecoslovacchia
69%
1870 Stato Pontificio
69%
1918 Impero austro-ungarico
67%
1861 Regno di Sardegna
67%
1861 Regno delle Due Sicilie
58%
1867 Regno di Prussia
58%
1922 Impero Ottomano
50%
2006 Serbia e Montenegro
50%
1990 Germania Est
42%
1990 Germania Ovest
36%
1871 Regno di Baviera
25%
1939 Città Libera di Danzica
22%
1867 Regno di Sassonia
22%
2022 Doneck
19%
1871 Granducato di Baden
19%
1924 Stato libero di Fiume
19%
1867 Città libera di Amburgo
17%
2014 Crimea
17%
1866 Regno di Hannover
17%
2022 Lugansk
14%
1954 Territorio Libero di Trieste
14%
1867 Città anseatica libera di Brema
11%
1864 Khanato di Avar
11%
1945 Repubblica Sociale Italiana
11%
1867 Ducato di Anhalt
8%
1908 Stato di Creta
8%
2000 Cecenia
6%
2022 Cherson
6%
1938 Città libera di Asch
6%
1866 Ducato di Holstein
6%
1867 Granducato di Sassonia-Weimar-Eisenach
6%
1905 Regno di Svezia e Norvegia
6%
1871 Regno di Württemberg
6%
1937 Sovrano Consiglio delle Asturie e León
6%
1867 Città libera di Lubecca
3%
1871 Comune di Parigi
3%
2015 Nuova Russia
3%
1920 Reggenza italiana del Carnaro
3%
1914 Repubblica Autonoma dell'Epiro del Nord
3%
1919 Repubblica del Banato
3%
1920 Repubblica Socialista Sovietica di Galizia
3%
1995 Republika Srpska
3%
2022 Zaporižžja
3%
1866 Assia-Homburg
0%
1921 Banato di Leithania
0%
1995 Bosnia Occidentale
0%
1874 Cantone di Cartagena
0%
1873 Cantone di Málaga
0%
1873 Cantone di Valencia
0%
1939 Carpato-Ucraina
0%
1934 Catalonia
0%
1864 Circassia
0%
1866 Città libera di Francoforte
0%
1903 Communità Strandža
0%
1919 Comunità dei lavoratori estoni
0%
1871 Confederazione Tedesca del Nord
0%
1918 Ducato di Brunswick
0%
1918 Ducato di Curlandia e Semigallia
0%
1866 Ducato di Limburgo
0%
1866 Ducato di Nassau
0%
1867 Ducato di Sassonia-Altenburg
0%
1867 Ducato di Sassonia-Coburgo-Gotha
0%
1876 Ducato di Sassonia-Lauenburg
0%
1866 Ducato di Schleswig
0%
1866 Elettorato d'Assia
0%
1995 Gagauzia
0%
1913 Governo provvisorio della Tracia occidentale
0%
1871 Granducato d'Assia
0%
1866 Granducato degli Oldenburg
0%
1867 Granducato di Meclemburgo-Schwerin
0%
1867 Granducato di Meclemburgo-Strelitz
0%
2000 Kosova
0%
1922 Lituania Centrale
0%
1863 Principato di Anhalt-Bernburg
0%
1863 Principato di Anhalt-Dessau
0%
1867 Principato di Lippe
0%
1867 Principato di Reuss-Greiz
0%
1867 Principato di Reuss linea cadetta
0%
1867 Principato di Schaumburg-Lippe
0%
1867 Principato di Schwarzburg-Rudolstadt
0%
1867 Principato di Schwarzburg-Sondershausen
0%
1867 Principato di Waldeck-Pyrmont
0%
1860 Province Unite del Centro Italia
0%
1920 Repubblica del Don
0%
1914 Repubblica dell'Albania Centrale
0%
1921 Repubblica delle Montagne del Caucaso Settentrionale
0%
1918 Repubblica dell'Idel'-Ural
0%
1920 Repubblica dell'Ingria Settentrionale
0%
1940 Repubblica Democratica Finlandese
0%
1921 Repubblica di Albona
0%
1919 Repubblica di Komańcza
0%
1903 Repubblica di Kruševo
0%
1920 Repubblica di Lemko-Rusyn
0%
1921 Repubblica di Mirdita
0%
1918 Repubblica di Perloja
0%
1886 Repubblica di Tamrash
0%
1919 Repubblica di Tarnobrzeg
0%
1920 Repubblica di Uhtua
0%
1918 Repubblica di Zakopane
0%
1919 Repubblica huzula
0%
1920 Repubblica Popolare del Kuban'
0%
1923 Repubblica Renaniana
0%
1921 Repubblica serbo-ungherese di Baranya-Baja
0%
1905 Repubblica Shuliavka
0%
1919 Repubblica Socialista Sovietica Lituano-Bielorussa
0%
1918 Repubblica Sovietica del Donec-Krivoj Rog
0%
1919 Repubblica Sovietica di Brema
0%
1919 Repubblica Sovietica Würzburg
0%
1920 Sassonia-Meiningen
0%
1918 Stato degli Sloveni Croati e Serbi
0%
1923 Stato libero di Bottleeck
0%
1912 Stato Libero di Icaria
0%
1994 Tatarstan
0%
1922 Transcaucasia
0%
1993 Vevčani
0%
Nessun quiz corrispondente trovato
Distribuzione punteggi
Percentuale di utenti per punteggio
Percentile per numero di risposta
I tuoi punteggi nel tempo
Non hai fatto questo quiz dall'ultimo reset